Vida del buscón

में बचाया:
ग्रंथसूची विवरण
मुख्य लेखक: Quevedo y Villegas, Francisco de
स्वरूप: पुस्तक
भाषा:Undetermined
प्रकाशित: Madrid, España Espasa-Calpe 1951
संस्करण:2
विषय:
टैग: टैग जोड़ें
कोई टैग नहीं, इस रिकॉर्ड को टैग करने वाले पहले व्यक्ति बनें!

MARC

LEADER 00000nam a2200000Ia 4500
008 170316s9999 xx 000 0 und d
040 |a cru BVZT 
090 |a 862 Q-2v v.1 
100 |a Quevedo y Villegas, Francisco de 
245 |a Vida del buscón 
250 |a 2 
260 |a Madrid, España  |b Espasa-Calpe  |c 1951 
300 |a 216 páginas Tomo I 
650 |a LITERATURA ESPAÑOLA 
999 |c 10326  |d 10326 
942 |c 15 D  |h 862 Q-2v v.1  |2 z